000 00241nam a2200097Ia 4500
008 190216s9999||||xx |||||||||||||| ||und||
100 _aShyamshyamlal Madhup
245 0 _aHindi-Kahi Meharom Ko Salam
260 _bSaraswathi Press
942 _cBK
999 _c15382
_d15382